Statistiques concernant Clubs en ligue des champions 2021-2022

Cliquez ici pour prendre le quiz!

Statistiques générales

  • Ce quiz a été pris 134 fois
  • Le résultat moyen est 22 sur 32

Statistiques - réponses

ParcoursRéponse% Correct
VainqueurReal
100%
1/2Manchester City
99%
FinalisteLiverpool
98%
1/8PSG
97%
1/4Chelsea
94%
1/4Bayern
92%
1/8Manchester United
91%
1/8Juventus
88%
PDortmund
87%
PAC Milan
85%
1/4Atlético
85%
1/8Inter
85%
1/8Lille
84%
PPorto
83%
1/8Ajax
80%
PSéville
76%
1/4Benfica
73%
1/8Sporting
68%
PLeipzig
67%
1/2Villareal
67%
PFC Barcelone
61%
PBruges
52%
PAtalanta
51%
PShaktar
46%
1/8Salzbourg
36%
PYoung Boys
36%
PDynamo Kiev
35%
PSheriff
33%
PBesiktas
28%
PZenith
28%
PMalmö
26%
PWolfsburg
24%

Distribution des résultats

Percentile par nombre de réponses

% des personnes avec chaque résultat

Votre développement - résultats

Vous n’avez pas pris ce quiz